01274nam a22002297a 4500999001300000003000400013005001700017008004100034020001500075040000700090100002700097245005700124260003600181300001900217504003100236505055400267650003100821650003900852650003800891942002600929952008900955 c501d501OSt20220610112119.0180221b xxu||||| |||| 00| 0 spa d a9501403289 cPJ aRamella, Pablo A.963510aCrímenes contra la humanidad / cPablo A. Ramella. aBuenos Aires :bDepalma,c1986. a154 p.c23 cm. aBibliografía: p.151-152. a1. El individuo como sujeto del derecho penal internacional. 2. Antecedentes. 3. El juicio de Nuremberg. 4. El juicio de Tokio. 5. Análisis crítico. 6. Crímenes de guerra y crímenes contra la humanidad. 7. Trata de blancas. 8. Trata de esclavos. 9. Trafico de estupefacientes. 10. Genocidio. 11. La guerra como crimen. 12. Armas nucleares. 13. Aborto. 14. Pornografía. 15. Tortura. 16. Discriminación. 17. Terrorismo. 18. Prescripción. 19. Tribunal Internacional. 20. Reflexión final. rPABLO A. RAMELLAtCRIMENES CONTRA LA HUMANIDAD 09495aDERECHO INTERNACIONAL 09623aVIOLACION DE DERECHOS HUMANOS 0aDELITOS CONTRA LA HUMANIDAD93559 2udccLIBh341.48iRAM 00102udc4070aDJSbDJSd2018-05-17o341.48 RAMp0222r2018-05-17w2018-05-17yLIB